| 000 | 01099nam a2200289 i 4500 | ||
|---|---|---|---|
| 003 | EG-ScBUE | ||
| 005 | 20240219110058.0 | ||
| 008 | 100713s1991 ua af 000 0bara d | ||
| 017 | _a1991 / 3894 | ||
| 020 | _a9770700711 | ||
| 040 |
_aEG-ScBUE _bara _erda _cEG-ScBUE _dEG-ScBUE |
||
| 043 | _an-us--- | ||
| 082 | 0 | 4 |
_222 _bك ي ل _a973.927 |
| 100 | 1 |
_916230 _aكيلي، كيتي، _eمؤلف. |
|
| 245 | 1 | 0 |
_aنانسى ريجان : _bفضيحة في البيت الأبيض / _cكيتي كيلي. |
| 250 | _aالطبعة الرابعة. | ||
| 264 | 1 |
_aالقاهرة : _bمؤسسة دار الهلال، _c[1991] |
|
| 300 |
_a502 صفحة : _c24 سم |
||
| 336 |
_2rdacontent _aنص _btxt |
||
| 337 |
_aبدون وسيط _2rdamedia _bn |
||
| 338 |
_aمجلد _bnc _2rdacarrier |
||
| 541 |
_aألف باء ؛ _cشراء ؛ |
||
| 600 | 1 | 7 |
_2BUEsh _aريجان، نانسي، _d1921-2016. |
| 651 | 7 |
_2BUEsh _aالولايات المتحدة الأمريكية _xتاريخ _yالعصر الحديث _yرونالد ريجان (1981-1989). |
|
| 655 | _vReading book | ||
| 942 |
_2ddc _cBB |
||
| 999 |
_c14643 _d14643 |
||